THE BOOK OF KNOWLEDGE : (Record no. 193369)

MARC details
000 -LEADER
fixed length control field 00833nam a2200253 i 4500
003 - CONTROL NUMBER IDENTIFIER
control field OSt
005 - DATE AND TIME OF LATEST TRANSACTION
control field 20231017180032.0
008 - FIXED-LENGTH DATA ELEMENTS--GENERAL INFORMATION
fixed length control field 231017t19621962nyuabofgre 000 0 eng d
020 ## - INTERNATIONAL STANDARD BOOK NUMBER
Terms of availability 0.00
Qualifying information hardback
040 ## - CATALOGING SOURCE
Original cataloging agency PPAK
Language of cataloging eng
Transcribing agency PPAK
Description conventions rda
082 04 - DEWEY DECIMAL CLASSIFICATION NUMBER
Classification number 031
Edition number 23
090 00 - LOCALLY ASSIGNED LC-TYPE CALL NUMBER (OCLC); LOCAL CALL NUMBER (RLIN)
Classification number (OCLC) (R) ; Classification number, CALL (RLIN) (NR) 031
Feature heading BOO
Feature heading R
245 04 - TITLE STATEMENT
Title THE BOOK OF KNOWLEDGE :
Remainder of title The Children's Encyclopedia.
Number of part/section of a work Volume 1
246 33 - VARYING FORM OF TITLE
Title proper/short title Volume 1 of The Book of knowledge :
Remainder of title the children's encyclopedia
264 #1 - PRODUCTION, PUBLICATION, DISTRIBUTION, MANUFACTURE, AND COPYRIGHT NOTICE
Place of production, publication, distribution, manufacture New York,
Name of producer, publisher, distributor, manufacturer Grolier ;
Date of production, publication, distribution, manufacture, or copyright notice 1962
Date of production, publication, distribution, manufacture, or copyright notice ©1962
300 ## - PHYSICAL DESCRIPTION
Extent 384 pages :
Other physical details illustrations, maps, photographs, plates ;
Dimensions 25 cm
336 ## - CONTENT TYPE
Content type term text
Source rdacontent
Content type term still image
Source rdacontent
337 ## - MEDIA TYPE
Media type term unmediated
Source rdamedia
338 ## - CARRIER TYPE
Carrier type term volume
Source rdacarrier
650 10 - SUBJECT ADDED ENTRY--TOPICAL TERM
Topical term or geographic name entry element Children's encyclopedias and dictionaries.
942 ## - ADDED ENTRY ELEMENTS (KOHA)
Source of classification or shelving scheme Dewey Decimal Classification
Koha item type Book
Holdings
Withdrawn Not for loan Current library Shelving location Date acquired Serial Enumeration / chronology Total Checkouts Full call number Barcode Date last seen Koha item type
  Not For Loan Perpustakaan Baling Rujukan Dewasa 01/11/2023 Vol. 1   R 031 BOO A00747309 01/11/2023 Book
  Not For Loan Perpustakaan Baling Rujukan Dewasa 01/11/2023 Vol. 2   R 031 BOO A00747310 01/11/2023 Book
  Not For Loan Perpustakaan Baling Rujukan Dewasa 01/11/2023 Vol. 3   R 031 BOO A00747311 01/11/2023 Book
  Not For Loan Perpustakaan Baling Rujukan Dewasa 01/11/2023 Vol. 4   R 031 BOO A00747312 01/11/2023 Book
  Not For Loan Perpustakaan Baling Rujukan Dewasa 01/11/2023 Vol. 5   R 031 BOO A00747313 01/11/2023 Book
  Not For Loan Perpustakaan Baling Rujukan Dewasa 01/11/2023 Vol. 6   R 031 BOO A00747314 01/11/2023 Book
  Not For Loan Perpustakaan Baling Rujukan Dewasa 01/11/2023 Vol. 7   R 031 BOO A00747315 01/11/2023 Book
  Not For Loan Perpustakaan Baling Rujukan Dewasa 01/11/2023 Vol. 8   R 031 BOO A00747316 01/11/2023 Book
  Not For Loan Perpustakaan Baling Rujukan Dewasa 01/11/2023 Vol. 9   R 031 BOO A00747317 01/11/2023 Book
  Not For Loan Perpustakaan Baling Rujukan Dewasa 01/11/2023 Vol. 10   R 031 BOO A00747318 01/11/2023 Book
  Not For Loan Perpustakaan Baling Rujukan Dewasa 01/11/2023 Vol. 11   R 031 BOO A00747319 01/11/2023 Book
  Not For Loan Perpustakaan Baling Rujukan Dewasa 01/11/2023 Vol. 12   R 031 BOO A00747320 01/11/2023 Book
  Not For Loan Perpustakaan Baling Rujukan Dewasa 01/11/2023 Vol. 13   R 031 BOO A00747321 01/11/2023 Book
  Not For Loan Perpustakaan Baling Rujukan Dewasa 01/11/2023 Vol. 14   R 031 BOO A00747322 01/11/2023 Book
  Not For Loan Perpustakaan Baling Rujukan Dewasa 01/11/2023 Vol. 15   R 031 BOO A00747323 01/11/2023 Book
  Not For Loan Perpustakaan Baling Rujukan Dewasa 01/11/2023 Vol. 16   R 031 BOO A00747324 01/11/2023 Book
  Not For Loan Perpustakaan Baling Rujukan Dewasa 01/11/2023 Vol. 17   R 031 BOO A00747325 01/11/2023 Book
  Not For Loan Perpustakaan Baling Rujukan Dewasa 01/11/2023 Vol. 18   R 031 BOO A00747326 01/11/2023 Book
  Not For Loan Perpustakaan Baling Rujukan Dewasa 01/11/2023 Vol. 19   R 031 BOO A00747327 01/11/2023 Book
  Not For Loan Perpustakaan Baling Rujukan Dewasa 01/11/2023 Vol. 20   R 031 BOO A00747328 01/11/2023 Book